000 00591nam a2200205Ia 4500
005 20230531104431.0
008 131103s9999 xx 000 0 und d
020 _a8187879998
_cRs.150.00
040 _aLoreto College
041 _aEnglish
082 _a940.14
_bHIL
245 4 _aThe transition from feudalism to capitalism
_cIntroduction by Rodney Hilton
260 _aDelhi
_bAakar Books
_c2006
300 _a195 p.
504 _aIncludes bibliographical references
650 _aHistory-Europe-Feudalism
651 _aHistory-Europe-Capitalism
850 _aLCLIB
942 _cBK
999 _c37983
_d88462